书目信息 |
| 题名: |
地理大发现
|
|
| 作者: | 郭圣铭 编著 | |
| 分册: | ||
| 出版信息: | 北京 商务印书馆 1984 |
|
| 页数: | 36页 | |
| 开本: | 19cm | |
| 丛书名: | 外国历史小丛书 | |
| 单 册: | ||
| 中图分类: | K916 | |
| 科图分类: | ||
| 主题词: | 新航路发现 | |
| 电子资源: | ||
| ISBN: | ||
| 000 | 00589nam2 2200229 45 | |
| 001 | 0184001195 | |
| 005 | 20060820144754.57 | |
| 010 | @dCNY0.14 | |
| 100 | @a19960402d1984 em y0chiy0121 ea | |
| 101 | 0 | @achi |
| 102 | @aCN@b110000 | |
| 105 | @ay z 000yy | |
| 200 | 10 | @a地理大发现@Adi li da fa xian@f郭圣铭编著 |
| 210 | @a北京@c商务印书馆@d1984 | |
| 215 | @a36页@d19cm | |
| 225 | 2 | @a外国历史小丛书 |
| 410 | 0 | @120010@a外国历史小丛书 |
| 606 | @a新航路发现 | |
| 690 | @aK916@v3 | |
| 701 | 0 | @a郭圣铭@Aguo sheng ming@4编著 |
| 801 | 0 | @aCN@bTSSF@c20060820 |
| 905 | @a10447@dK916@e124 | |
| 地理大发现/郭圣铭编著.-北京:商务印书馆,1984 |
| 36页;19cm.-(外国历史小丛书) |
| ISBN :CNY0.14 |
| ● |
| 相关链接 |
|
|
|
|
正题名:地理大发现
索取号:K916/124
 
预约/预借
| 序号 | 登录号 | 条形码 | 馆藏地/架位号 | 状态 | 备注 |
| 1 | 0466295 | 204662953 | 密集书库/ [索取号:K916/124] | 在馆 | |
| 2 | 0466296 | 204662962 | 密集书库/ [索取号:K916/124] | 在馆 | |
| 3 | 0467191 | 204671916 | 密集书库/ [索取号:K916/124] | 在馆 |